000 00292nam a22001337a 4500
008 171214b xxu||||| |||| 00| 0 eng d
020 _a2901599820025
041 _aeng
080 _a2
100 _a24
101 _aTEO
245 _aBEGINNING BIBLICAL STUDIES
_cFRIGGE,M
942 _2udc
_cBK
999 _c38949
_d38949